El concepto de derecho (Record no. 153662)

MARC details
000 -LEADER
fixed length control field nam a22 7a 4500
005 - DATE AND TIME OF LATEST TRANSACTION
control field 20200116125758.0
008 - FIXED-LENGTH DATA ELEMENTS--GENERAL INFORMATION
fixed length control field 200116b ag ||||| |||| 00| 0 spa d
020 ## - INTERNATIONAL STANDARD BOOK NUMBER
International Standard Book Number 9502000897
050 04 - LIBRARY OF CONGRESS CALL NUMBER
Classification number K237
Item number H37 1961
100 1# - MAIN ENTRY--PERSONAL NAME
Personal name Hart, H. L. A.
Dates associated with a name 1907-1992
Fuller form of name (Herbert Lionel Adolphus)
240 14 - UNIFORM TITLE
Uniform title The concept of law
Language of a work Español
245 13 - TITLE STATEMENT
Title El concepto de derecho
Statement of responsibility, etc / H.L.A. Hart ; traducción de Genaro R. Carrió.
250 ## - EDITION STATEMENT
Edition statement 2a ed.
260 ## - PUBLICATION, DISTRIBUTION, ETC. (IMPRINT)
Place of publication, distribution, etc Buenos Aires, Argentina :
Name of publisher, distributor, etc AbeledoPerrot,
Date of publication, distribution, etc 1961
300 ## - PHYSICAL DESCRIPTION
Extent 331 p. ;
Dimensions 23 cm.
504 ## - BIBLIOGRAPHY, ETC. NOTE
Bibliography, etc Incluye índice
650 #7 - SUBJECT ADDED ENTRY--TOPICAL TERM
Source of heading or term lemb
Topical term or geographic name as entry element Jurisprudencia
General subdivision Metodología
650 #7 - SUBJECT ADDED ENTRY--TOPICAL TERM
Source of heading or term lemb
Topical term or geographic name as entry element Derecho
General subdivision Filosofía
700 1# - ADDED ENTRY--PERSONAL NAME
Personal name Carrió, Genaro R.,
Relator term traductor
942 ## - ADDED ENTRY ELEMENTS (KOHA)
Source of classification or shelving scheme Biblioteca del Cogreso de los Estados Unidos
Koha item type Libro
Holdings
Estado de pérdida Fuente de clasificación Estado del daño No para préstamo Ubicación permanente Ubicación actual Apartado o colección Fecha de adquisición Edición Área del conocimiento Clasificación Código de Barras Date last seen Número de copia Costo por reposición Tipo de recurso
  Biblioteca del Cogreso de los Estados Unidos     Biblioteca del Posgrado en Derecho Biblioteca del Posgrado en Derecho Colección Ernesto Villanueva 16/01/2020 2a ed. Ciencias Sociales y Administrativas K237 H37 r1961 BPD000001183 16/01/2020 C : 1 1.00 Libro